000
00357nam a2200157Ia 4500
008
151213s9999 xx 000 0 und d
100
_a
A.F. Abbott
245
_a
Physics
_c
A.F. Abbott
250
_a
5th
260
_a
London
_b
Heineman education
_c
1989
300
_a
801 p.
650
_a
Physics
650
_a
Physics
700
_a
A.F. Abbott
999
_c
958
_d
958